[Event "GER-chT U20"]
[Site "Braunschweig"]
[Date "2019.12.28"]
[Round "4.8"]
[White "Verfuerth, Kevin"]
[Black "Hennemann, Florian"]
[Result "1/2-1/2"]
[WhiteElo "2038"]
[BlackElo "1865"]
[PlyCount "113"]
[EventDate "2019.12.27"]
[EventType "team-swiss"]
[EventRounds "7"]
[EventCountry "GER"]
[SourceTitle "CBM 194 Extra"]
[Source "ChessBase"]
[SourceDate "2020.03.31"]
[SourceVersion "1"]
[SourceVersionDate "2020.03.31"]
[SourceQuality "1"]
[WhiteTeam "Kleve Turm"]
[BlackTeam "Bensheim"]
[WhiteTeamCountry "GER"]
[BlackTeamCountry "GER"]

1. c4 Nf6 2. g3 g6 3. Bg2 Bg7 4. Nc3 c6 5. e4 d6 6. Nge2 0-0 7. 0-0 e5 8. d4 Nbd7 9. h3 Qe7 10. Be3 a5 11. Kh2 Nh5 12. g4 Nhf6 13. f4 exd4 14. Bxd4 Ne8 15. Ng3 Nc5 16. Bxg7 Kxg7 17. Qd4+ Kg8 18. f5 Qe5 19. Rad1 f6 20. Qd2 g5 21. Nce2 Rf7 22. Nd4 Ra7 23. Nf3 Qe7 24. Rde1 b6 25. Rh1 h6 26. Nd4 Rc7 27. Bf3 Nd7 28. Kg2 Ne5 29. b3 Bb7 30. h4 Rd7 31. hxg5 hxg5 32. Rh6 Rh7 33. Rxh7 Kxh7 34. Rh1+ Kg8 35. Kf1 d5 36. Qh2 Qh7 37. Qxh7+ Rxh7 38. Rxh7 Kxh7 39. cxd5 cxd5 40. exd5 Nxf3 41. Nxf3 Bxd5 42. Ke2 Kg8 43. Nf1 a4 44. bxa4 Bc4+ 45. Kf2 Bxa2 46. N1d2 Kf7 47. Ke3 Ke7 48. Kd4 Kd6 49. Ne4+ Kc6 50. Nc3 Bb3 51. Nd2 Bc2 52. Nde4 Bb3 53. Nd2 Bc2 54. Nc4 Nc7 55. Ne3 Bb3 56. Ne4 Ne8 57. Nc3 1/2-1/2

[Event "Bremen-ch op"]
[Site "Bremen"]
[Date "2018.03.28"]
[Round "6"]
[White "Klemm, Robert"]
[Black "Verfuerth, Kevin"]
[Result "0-1"]
[WhiteElo "1778"]
[BlackElo "1910"]
[PlyCount "146"]
[EventDate "2018.03.24"]
[EventType "swiss"]
[EventRounds "9"]
[EventCountry "GER"]
[SourceTitle "EXT 2019"]
[Source "ChessBase"]
[SourceDate "2018.10.10"]
[SourceVersion "1"]
[SourceVersionDate "2018.10.10"]
[SourceQuality "1"]

1. d4 Nf6 2. Nf3 e6 3. g3 c5 4. c3 d5 5. Bg2 Nc6 6. 0-0 Be7 7. Nbd2 0-0 8. b3 b6 9. Bb2 Bb7 10. Re1 Rc8 11. h3 cxd4 12. Nxd4 Nxd4 13. cxd4 Bb4 14. Rc1 Qd7 15. a3 Rxc1 16. Bxc1 Bc3 17. e3 Rc8 18. Qe2 Bc6 19. Bf1 Ne4 20. Rd1 Nd6 21. Nb1 Bb5 22. Qf3 Bxf1 23. Rxf1 Qb5 24. Qf4 Ne4 25. f3 Nf6 26. b4 Qd3 27. Nxc3 Qxc3 28. g4 Ne8 29. Qe5 Qc7 30. Qxc7 Rxc7 31. e4 dxe4 32. fxe4 Rc3 33. Rd1 Rc7 34. Bf4 Rd7 35. Kf2 f6 36. d5 exd5 37. exd5 Kf7 38. Ke3 Nd6 39. a4 g5 40. Bxd6 Rxd6 41. Ke4 Rd8 42. Rc1 Rd7 43. Rc6 Re7+ 44. Kd4 Rd7 45. a5 bxa5 46. bxa5 Rb7 47. Kc5 Ke7 48. Rc8 Kd7 49. Rh8 Rc7+ 50. Kd4 Kd6 51. a6 Rd7 52. Rf8 Ke7 53. Rb8 Kd6 54. Rb7 Rxb7 55. axb7 Kc7 56. d6+ Kxb7 57. Kd5 Kc8 58. Ke6 Kd8 59. Kxf6 a5 60. Kxg5 a4 61. Kh6 a3 62. Kxh7 a2 63. g5 a1Q 64. g6 Qh1 65. g7 Qxh3+ 66. Kg6 Qg4+ 67. Kf6 Kd7 68. Kf7 Qf5+ 69. Kg8 Qf6 70. Kh7 Qf7 71. Kh8 Qh5+ 72. Kg8 Kd8 73. d7 Kxd7 0-1

[Event "Bremen-ch op"]
[Site "Bremen"]
[Date "2018.03.26"]
[Round "4"]
[White "Nesse, David"]
[Black "Verfuerth, Kevin"]
[Result "1-0"]
[WhiteElo "1724"]
[BlackElo "1910"]
[PlyCount "87"]
[EventDate "2018.03.24"]
[EventType "swiss"]
[EventRounds "9"]
[EventCountry "GER"]
[SourceTitle "EXT 2019"]
[Source "ChessBase"]
[SourceDate "2018.10.10"]
[SourceVersion "1"]
[SourceVersionDate "2018.10.10"]
[SourceQuality "1"]

1. e4 c5 2. Nf3 d6 3. d4 cxd4 4. Nxd4 Nf6 5. Nc3 g6 6. Be3 Bg7 7. f3 0-0 8. Qd2 Nc6 9. 0-0-0 d5 10. Qe1 e5 11. Nxc6 bxc6 12. exd5 cxd5 13. Bg5 Be6 14. Bc4 Qc7 15. Bxf6 dxc4 16. Nd5 Bxd5 17. Bxg7 Kxg7 18. Rxd5 Rfe8 19. Qa5 Qxa5 20. Rxa5 e4 21. f4 Red8 22. Re1 f5 23. Rd1 e3 24. Rdd5 Kf6 25. h4 e2 26. Kd2 Rxd5+ 27. Rxd5 Re8 28. Ke1 Re4 29. g3 Re3 30. Rd6+ Kg7 31. Rd7+ Kh6 32. Rxa7 Rxg3 33. Rc7 Rg4 34. Rxc4 Rxh4 35. b4 Kh5 36. Kxe2 g5 37. b5 gxf4 38. Rc3 Rh2+ 39. Kf1 f3 40. b6 Kg4 41. b7 Rh1+ 42. Kf2 Rh2+ 43. Kg1 Re2 44. b8Q 1-0

[Event "Goch op 27th"]
[Site "Goch"]
[Date "2016.09.02"]
[Round "3"]
[White "Terhuven, Patrick"]
[Black "Verfuerth, Kevin"]
[Result "1-0"]
[WhiteElo "2134"]
[BlackElo "1924"]
[PlyCount "85"]
[EventDate "2016.09.01"]
[EventType "swiss"]
[EventRounds "7"]
[EventCountry "GER"]
[SourceTitle "EXT 2018"]
[Source "ChessBase"]
[SourceDate "2017.10.13"]
[SourceVersion "1"]
[SourceVersionDate "2017.10.13"]
[SourceQuality "1"]

1. d4 Nf6 2. Nf3 c5 3. d5 e6 4. c4 exd5 5. cxd5 d6 6. Nc3 g6 7. h3 Bg7 8. e4 0-0 9. Bd3 a6 10. a4 Qc7 11. 0-0 b6 12. Bf4 Nbd7 13. Qd2 Re8 14. Rfe1 c4 15. Bc2 Rb8 16. Rad1 b5 17. axb5 axb5 18. Nd4 Ba6 19. Ra1 Nc5 20. Rxa6 Nxa6 21. Ndxb5 Qa5 22. Nxd6 Nb4 23. Nxe8 Rxe8 24. Bb1 Nh5 25. Bh2 Na6 26. e5 Bf8 27. Rd1 Nc5 28. g4 Ng7 29. Ne4 Qxd2 30. Rxd2 Ra8 31. Nxc5 Bxc5 32. Kg2 Bb4 33. Rc2 Rc8 34. Bf4 Rc5 35. Bd2 Bxd2 36. Rxd2 h5 37. Kf3 Rb5 38. Ba2 Rc5 39. d6 hxg4+ 40. hxg4 Rc8 41. d7 Rd8 42. Bxc4 Ne6 43. Bxe6 1-0

[Event "Goch op 26th"]
[Site "Goch"]
[Date "2015.09.06"]
[Round "6"]
[White "Spiekermann, Stefan"]
[Black "Verfuerth, Kevin"]
[Result "1-0"]
[WhiteElo "2015"]
[BlackElo "1925"]
[PlyCount "117"]
[EventDate "2015.09.03"]
[EventType "swiss"]
[EventRounds "7"]
[EventCountry "GER"]
[SourceTitle "EXT 2018"]
[Source "ChessBase"]
[SourceDate "2017.10.13"]
[SourceVersion "1"]
[SourceVersionDate "2017.10.13"]
[SourceQuality "1"]

1. e4 c5 2. Nf3 d6 3. d4 cxd4 4. Nxd4 Nf6 5. Nc3 g6 6. Be2 Bg7 7. 0-0 0-0 8. Be3 Nc6 9. Qd2 Bd7 10. Nb3 Be6 11. Bh6 d5 12. Bxg7 Kxg7 13. exd5 Bxd5 14. Nxd5 Qxd5 15. Qxd5 Nxd5 16. Bf3 Rfd8 17. Nc5 Nd4 18. Be4 f5 19. Rfd1 Ne2+ 20. Kf1 fxe4 21. Ne6+ Kf6 22. Nxd8 Rxd8 23. Kxe2 Nf4+ 24. Kf1 Rc8 25. Rd2 Rc6 26. g3 Ne6 27. h4 g5 28. Re1 gxh4 29. Rxe4 hxg3 30. fxg3 Kf5 31. Rh4 Ng5 32. c3 e5 33. Rf2+ Kg6 34. Rf8 Kg7 35. Rf5 Nf7 36. Rg4+ Kf8 37. Ke2 Rd6 38. Rc4 Rd7 39. Ke3 Kg7 40. Rg4+ Kf8 41. Rf2 Rd6 42. Rc4 Rd7 43. Rd2 Re7 44. Rh2 h6 45. Rg4 Re6 46. Rf2 Rc6 47. Ra4 a6 48. Rb4 b5 49. a4 Rg6 50. axb5 Rxg3+ 51. Rf3 Rxf3+ 52. Kxf3 e4+ 53. Kxe4 Nd6+ 54. Kd5 Nxb5 55. Kc6 Ke7 56. Rh4 Nd6 57. Rxh6 Nc4 58. b4 a5 59. Kc5 1-0

[Event "Goch op 24th"]
[Site "Goch"]
[Date "2013.09.08"]
[Round "7"]
[White "Verfuerth, Kevin"]
[Black "Bauchmueller, Heinrich"]
[Result "1-0"]
[WhiteElo "1658"]
[BlackElo "1510"]
[PlyCount "121"]
[EventDate "2013.09.05"]
[EventType "swiss"]
[EventRounds "7"]
[EventCountry "GER"]
[SourceTitle "EXT 2015"]
[Source "ChessBase"]
[SourceDate "2014.11.20"]
[SourceVersion "1"]
[SourceVersionDate "2014.11.20"]
[SourceQuality "1"]

1. c4 c5 2. Nc3 Nc6 3. e4 g6 4. g3 Bg7 5. Bg2 e6 6. Nge2 Nge7 7. 0-0 0-0 8. h3 a6 9. Rb1 f5 10. d3 Rb8 11. a3 d6 12. f4 Nd4 13. Be3 Nxe2+ 14. Nxe2 b6 15. Qd2 Bb7 16. Nc3 Nc6 17. Kh2 h6 18. Rf2 Bd4 19. Bxd4 Nxd4 20. Ne2 Nc6 21. b4 Qf6 22. Rff1 Qg7 23. Rb2 Rbd8 24. Rfb1 cxb4 25. axb4 b5 26. cxb5 axb5 27. Rc1 Nd4 28. Nxd4 Qxd4 29. Qc3 Qxc3 30. Rxc3 Rc8 31. Rbc2 Rxc3 32. Rxc3 Rc8 33. Rxc8+ Bxc8 34. exf5 gxf5 35. Bc6 Ba6 36. Kg2 Kf7 37. Kf3 h5 38. h4 Ke7 39. Ke3 Kf7 40. Kd4 Ke7 41. Kc3 e5 42. Bf3 Kf6 43. Bxh5 exf4 44. gxf4 Kg7 45. Kd4 Bb7 46. Be8 Kh6 47. Bxb5 Kh5 48. Bd7 Kg4 49. h5 Kxh5 50. Bxf5 Kh6 51. Be4 Bc8 52. b5 Kg7 53. Kd5 Kf7 54. Kxd6 Ke8 55. b6 Kd8 56. b7 Bxb7 57. Bxb7 Ke8 58. f5 Kd8 59. f6 Ke8 60. Ke6 Kf8 61. f7 1-0

[Event "Goch op 23rd"]
[Site "Goch"]
[Date "2012.09.02"]
[Round "7"]
[White "Verfuerth, Kevin"]
[Black "Kleinschmidt, Irmtraud"]
[Result "1-0"]
[WhiteElo "1276"]
[BlackElo "861"]
[PlyCount "101"]
[EventDate "2012.08.30"]
[EventType "swiss"]
[EventRounds "7"]
[EventCountry "GER"]
[SourceTitle "EXT 2015"]
[Source "ChessBase"]
[SourceDate "2014.11.20"]
[SourceVersion "1"]
[SourceVersionDate "2014.11.20"]
[SourceQuality "1"]

1. c4 e5 2. Nc3 Nf6 3. e4 Be7 4. g3 d6 5. Bg2 c5 6. Nge2 Nc6 7. 0-0 0-0 8. h3 Rb8 9. d3 b6 10. f4 Bd7 11. f5 Nd4 12. Kh2 Be8 13. Be3 Kh8 14. Qd2 Rg8 15. Rf2 g6 16. Bxd4 cxd4 17. Nd5 Nxd5 18. cxd5 Bf6 19. Raf1 g5 20. Rc1 Rc8 21. Rxc8 Qxc8 22. Qc1 Qxc1 23. Nxc1 Bb5 24. Rc2 Ba6 25. Rc7 Rc8 26. Rxa7 Rxc1 27. Rxa6 h5 28. Rxb6 g4 29. h4 Be7 30. Rb7 Bf8 31. Rxf7 Bh6 32. Rf6 Be3 33. Bf1 Rxf1 34. Rxd6 Rf2+ 35. Kh1 Rf1+ 36. Kg2 Rf2+ 37. Kg1 Rc2+ 38. Kf1 Rc1+ 39. Ke2 Rc2+ 40. Kd1 Rh2 41. Re6 Rh1+ 42. Kc2 Rc1+ 43. Kb3 Rc8 44. d6 Rb8+ 45. Kc4 Rc8+ 46. Kd5 Ra8 47. d7 Ra5+ 48. Kd6 Ra6+ 49. Ke7 Ra7 50. Ke8 Ra8+ 51. d8Q 1-0

[Event "GER-chT U12"]
[Site "Arendsee"]
[Date "2011.12.30"]
[Round "7.4"]
[White "Rauch, Marie Louise"]
[Black "Verfuerth, Kevin"]
[Result "0-1"]
[WhiteElo "1029"]
[BlackElo "1086"]
[PlyCount "144"]
[EventDate "2011.12.27"]
[EventType "team-swiss"]
[EventRounds "7"]
[EventCountry "GER"]
[SourceTitle "EXT 2022"]
[Source "ChessBase"]
[SourceDate "2021.10.06"]
[SourceVersion "1"]
[SourceVersionDate "2021.10.06"]
[SourceQuality "1"]
[WhiteTeam "Saalfeld U12"]
[BlackTeam "Kleve Turm U12"]
[WhiteTeamCountry "GER"]
[BlackTeamCountry "GER"]

1. e4 d5 2. exd5 Qxd5 3. Nc3 Qa5 4. Nf3 Nf6 5. Bc4 Bg4 6. h3 Bh5 7. d3 e6 8. Bd2 c6 9. a3 Qc7 10. Bg5 Be7 11. Qe2 Qd6 12. Qe3 Nbd7 13. 0-0 0-0 14. b4 Bd8 15. Bf4 Qe7 16. Ne5 Nxe5 17. Qxe5 Rc8 18. Bg5 h6 19. Be3 a6 20. Qg3 Bc7 21. Bf4 Bxf4 22. Qxf4 Qc7 23. Qxc7 Rxc7 24. Rfe1 Rd8 25. Rac1 Rcd7 26. Ne4 Nxe4 27. Rxe4 Rd4 28. Rce1 Rxe4 29. Rxe4 Kf8 30. g4 Bg6 31. Re5 Rd4 32. Re3 h5 33. Rg3 hxg4 34. Rxg4 Rxg4+ 35. hxg4 Ke7 36. f4 Kf6 37. Kf2 Bh7 38. Ba2 g5 39. Kf3 gxf4 40. Kxf4 e5+ 41. Kf3 Ke7 42. Ke3 f5 43. gxf5 Bxf5 44. c4 Be6 45. d4 exd4+ 46. Kxd4 Kd7 47. Bb1 Kc7 48. Bd3 b5 49. cxb5 cxb5 50. Bxb5 axb5 51. Kc5 Bd7 52. Kd5 Kb6 53. Kd6 Bg4 54. Kd5 Be2 55. Kd4 Kc6 56. Kc3 Kd5 57. Kb3 Kd4 58. Kc2 Kc4 59. Kb2 Bd1 60. Kc1 Bb3 61. Kb2 Ba4 62. Ka2 Kc3 63. Kb1 Kb3 64. Ka1 Kxa3 65. Kb1 Kxb4 66. Kb2 Bd1 67. Kc1 Kb3 68. Kb1 Bh5 69. Ka1 Kc2 70. Ka2 b4 71. Ka1 Be8 72. Ka2 b3+ 0-1

[Event "GER-chT U12"]
[Site "Arendsee"]
[Date "2011.12.27"]
[Round "1.3"]
[White "Laubrock, Paul"]
[Black "Verfuerth, Kevin"]
[Result "1-0"]
[WhiteElo "1676"]
[BlackElo "1086"]
[PlyCount "63"]
[EventDate "2011.12.27"]
[EventType "team-swiss"]
[EventRounds "7"]
[EventCountry "GER"]
[SourceTitle "EXT 2022"]
[Source "ChessBase"]
[SourceDate "2021.10.06"]
[SourceVersion "1"]
[SourceVersionDate "2021.10.06"]
[SourceQuality "1"]
[WhiteTeam "Hagen U12"]
[BlackTeam "Kleve Turm U12"]
[WhiteTeamCountry "GER"]
[BlackTeamCountry "GER"]

1. e4 c5 2. Nf3 Nc6 3. d4 cxd4 4. Nxd4 d6 5. Nc3 Nf6 6. Be3 g6 7. Qd2 Bg7 8. f3 Bd7 9. 0-0-0 0-0 10. Bh6 Nxd4 11. Bxg7 Nxf3 12. gxf3 Kxg7 13. f4 Bc6 14. Bg2 Ng4 15. h3 Nf6 16. Rhf1 Qd7 17. e5 Ne8 18. f5 Rd8 19. Qg5 f6 20. exf6+ exf6 21. Qg4 Bxg2 22. Qxg2 Rc8 23. fxg6 hxg6 24. Rg1 g5 25. h4 Rc5 26. Ne4 Ra5 27. hxg5 Kf7 28. gxf6 Nxf6 29. Qg7+ Ke8 30. Nxf6+ Rxf6 31. Qxf6 Qh3 32. Rg8+ 1-0